| 000 | 00558nam a22001937a 4500 | ||
|---|---|---|---|
| 005 | 20241206162826.0 | ||
| 010 | _aENG-142870 | ||
| 020 |
_c125.00 _a9789392080173 |
||
| 035 | _aEN-126402 | ||
| 037 | _bDBAD | ||
| 082 | _a881 | ||
| 100 |
_aDwivedi, Amar Nath _974828 |
||
| 245 |
_aMusingsm on Self 'N' Society: _cby Amar Nath Dwivedi _bA Long Poem/ |
||
| 250 | _a1 | ||
| 260 |
_aAllahabad _bKitab Mahal _c2022 |
||
| 270 |
_a22-A, Sarojini Naidu Marg, _bAllahabad _e211001 |
||
| 300 |
_a50p. _c21cm(pb) |
||
| 942 |
_2ddc _cEN _mDWI _h881 |
||
| 999 |
_c207480 _d207480 |
||